Statistics for Flags of Asian countries (Very Hard)

Click here to take the quiz!

General Stats

  • This quiz has been taken 39 times
    (7 since last reset)
  • The average score is 42 of 71

Answer Stats

Answer% Correct
Egypt
83%
Iraq
83%
Israel
83%
Jordan
83%
North Korea
83%
Philippines
83%
Tajikistan
83%
Vietnam
83%
Afghanistan
67%
Armenia
67%
Azerbaijan
67%
Bahrain
67%
Bangladesh
67%
Bhutan
67%
Brunei
67%
Cambodia
67%
China
67%
Christmas Island
67%
Cyprus
67%
East Timor / Timor Leste
67%
Georgia
67%
Hong Kong
67%
India
67%
Indonesia
67%
Iran
67%
Japan
67%
Kazakhstan
67%
Kuwait
67%
Kyrgyzstan
67%
Laos
67%
Lebanon
67%
Macau / Macao
67%
Malaysia
67%
Maldives
67%
Mongolia
67%
Myanmar
67%
Nepal
67%
Oman
67%
Pakistan
67%
Palestine
67%
Qatar
67%
Russia
67%
Saudi Arabia
67%
Singapore
67%
South Korea
67%
Sri Lanka
67%
Syria
67%
Taiwan
67%
Thailand
67%
Tibet Autonomous Region
67%
Turkey
67%
Turkmenistan
67%
United Arab Emirates
67%
Uzbekistan
67%
Yemen
67%
Kurdistan
50%
Northern Cyprus
50%
British Indian Ocean Territory
33%
Cocos Islands
33%
Hokkaido
33%
Ossetia
33%
Xinjiang
33%
Abkhazia
17%
Adjara
17%
Altai
17%
Buryatia
17%
Karakalpakstan
17%
Khakassia
17%
Okinawa
17%
Sakha (Yakutia)
17%
Tuva
17%

Score Distribution

Percentile by Number Answered

Percent of People with Each Score

Your Score History

You have not taken this quiz since the last reset